[Event "Olympiad Women-45"]
[Site "Budapest"]
[Date "2024.09.22"]
[Round "11.4"]
[White "Mashabova, Shukrona"]
[Black "Hasnaoui, Abrar"]
[Result "1-0"]
[WhiteElo "1711"]
[BlackElo "1595"]
[PlyCount "129"]
[EventDate "2024.09.11"]
[EventType "team-swiss"]
[EventRounds "11"]
[EventCountry "HUN"]
[SourceTitle "EXT 2025"]
[Source "ChessBase"]
[SourceDate "2024.10.14"]
[SourceVersion "1"]
[SourceVersionDate "2024.10.14"]
[SourceQuality "1"]
[WhiteTeam "Tajikistan (W)"]
[BlackTeam "Tunisia (W)"]
[WhiteTeamCountry "TJK"]
[BlackTeamCountry "TUN"]

1. e4 c5 2. Nf3 Nc6 3. d4 cxd4 4. Nxd4 g6 5. Be3 Bg7 6. Nc3 d6 7. Be2 Nf6 8. 0-0 0-0 9. Nb3 e6 10. Qd2 d5 11. exd5 Nxd5 12. Nxd5 Qxd5 13. Qxd5 exd5 14. c3 Ne5 15. Rad1 Nc4 16. Bc1 Be6 17. Nd4 Rac8 18. Rfe1 Bxd4 19. Rxd4 Kg7 20. h4 h5 21. Bf3 Rfd8 22. Red1 Nb6 23. Bf4 Rc4 24. Rxc4 Nxc4 25. b3 Nb6 26. c4 Rd7 27. c5 Nc8 28. g3 Ne7 29. a3 Bg4 30. Bxg4 hxg4 31. b4 d4 32. Be5+ f6 33. Rxd4 Rxd4 34. Bxd4 Kf7 35. Kf1 Ke6 36. Ke2 f5 37. Kd3 Kd5 38. a4 Nc6 39. Bc3 Ne7 40. Bb2 a6 41. b5 axb5 42. axb5 Nc8 43. Bd4 Ne7 44. Be3 Nc8 45. Kc3 Ne7 46. Kb4 Nc8 47. Ka5 Kc4 48. c6 bxc6 49. b6 Nd6 50. Ka6 Kd5 51. b7 Nxb7 52. Kxb7 c5 53. Kb6 c4 54. Kb5 c3 55. Kb4 c2 56. Kb3 c1Q 57. Bxc1 Ke4 58. Kc3 Kf3 59. Be3 f4 60. Bxf4 Kxf2 61. Kd4 Kf3 62. Ke5 Kg2 63. Kf6 Kf3 64. Kxg6 Ke4 65. h5 1-0

[Event "Olympiad Women-45"]
[Site "Budapest"]
[Date "2024.09.15"]
[Round "5.51"]
[White "Saraci, Ndriqona"]
[Black "Mashabova, Shukrona"]
[Result "1/2-1/2"]
[WhiteElo "1656"]
[BlackElo "1711"]
[PlyCount "143"]
[EventDate "2024.09.11"]
[EventType "team-swiss"]
[EventRounds "11"]
[EventCountry "HUN"]
[SourceTitle "EXT 2025"]
[Source "ChessBase"]
[SourceDate "2024.10.14"]
[SourceVersion "1"]
[SourceVersionDate "2024.10.14"]
[SourceQuality "1"]
[WhiteTeam "Kosovo (W)"]
[BlackTeam "Tajikistan (W)"]
[WhiteTeamCountry "KOS"]
[BlackTeamCountry "TJK"]

1. e4 e5 2. Nf3 Nc6 3. d4 exd4 4. Nxd4 Bc5 5. Be3 Qf6 6. c3 Nge7 7. Qd2 0-0 8. Nxc6 Qxc6 9. Bxc5 Qxc5 10. Qd4 Qg5 11. Nd2 Nc6 12. Qd5 Qf6 13. Nf3 d6 14. h3 Re8 15. Bb5 Be6 16. Qg5 Qxg5 17. Nxg5 Bd7 18. Bc4 Ne5 19. Bb3 h6 20. f4 hxg5 21. fxe5 Rxe5 22. 0-0 Be6 23. Bc2 Re8 24. Rad1 Bxa2 25. b3 Rb5 26. Rf5 Rxf5 27. exf5 Re2 28. Rc1 Rxc2 29. Rxc2 Bxb3 30. Rb2 Bd5 31. c4 Bc6 32. Kf2 f6 33. g3 Kf7 34. h4 gxh4 35. gxh4 b6 36. Ke3 a5 37. Kd4 a4 38. Kc3 d5 39. Rd2 dxc4 40. Kxc4 b5+ 41. Kc5 Be4 42. Rd7+ Kg8 43. Kxb5 c6+ 44. Kxa4 Bxf5 45. Rc7 Kh7 46. Kb4 Be4 47. Kc3 Kh6 48. Kd4 Bd5 49. Ke3 g5 50. hxg5+ Kxg5 51. Rg7+ Kf5 52. Rh7 Ke5 53. Re7+ Kd6 54. Rh7 f5 55. Kf4 Be4 56. Rh2 Kd5 57. Rd2+ Kc4 58. Ke3 Kc3 59. Rf2 c5 60. Rh2 c4 61. Rf2 Kb3 62. Kd2 c3+ 63. Kc1 c2 64. Rf4 Kc4 65. Rf2 Kd4 66. Kd2 Ke5 67. Rf1 Kf6 68. Ke3 Ke5 69. Kd2 Kd4 70. Rf4 Kc4 71. Rf2 Kb3 72. Kc1 1/2-1/2

[Event "Asia-ch Blitz U18 Girls"]
[Site "Almaty"]
[Date "2024.06.20"]
[Round "1"]
[White "Mashabova, Shukrona"]
[Black "Mikheeva, Galina"]
[Result "0-1"]
[WhiteElo "1718"]
[BlackElo "2037"]
[PlyCount "74"]
[EventDate "2024.06.20"]
[EventType "swiss (blitz)"]
[EventRounds "9"]
[EventCountry "KAZ"]
[SourceTitle "EXT 2025"]
[Source "ChessBase"]
[SourceDate "2024.10.14"]
[SourceVersion "1"]
[SourceVersionDate "2024.10.14"]
[SourceQuality "1"]
[WhiteTeam "TJK"]
[BlackTeam "FID"]

1. e4 e5 2. Nf3 Nc6 3. Nc3 Nf6 4. Bc4 Bc5 5. 0-0 0-0 6. Re1 a6 7. d3 h6 8. Be3 Bxe3 9. fxe3 d6 10. d4 Bg4 11. Be2 Re8 12. dxe5 dxe5 13. Qxd8 Raxd8 14. Rad1 Bh5 15. Nd5 Nxd5 16. exd5 Nb4 17. Bc4 e4 18. Kf2 exf3 19. gxf3 c6 20. dxc6 Nxc6 21. c3 Ne5 22. Be2 Bg6 23. Rxd8 Rxd8 24. b3 Nd3+ 25. Bxd3 Rxd3 26. c4 Kf8 27. Ke2 Rc3 28. Rd1 Rc2+ 29. Rd2 Rxd2+ 30. Kxd2 Ke7 31. a3 Kd6 32. e4 Bh5 33. Ke3 g5 34. h3 Ke5 35. b4 f6 36. a4 Be8 37. a5 Bd7 0-1